| 000 | 00504nam a2200229Ia 4500 | ||
|---|---|---|---|
| 008 | 210210b1954 xxu||||| |||| 00| 0 eng d | ||
| 041 | _aeng | ||
| 082 | _a336/51 | ||
| 100 | _aCHAND | ||
| 245 | _aCo operation in the east and the west | ||
| 260 |
_aDelhi _bS. Chand & Co. Ltd. _c1954 |
||
| 650 | _awest | ||
| 650 | _athe | ||
| 650 | _aoperation | ||
| 650 | _ain | ||
| 650 | _aeast | ||
| 650 | _aCo | ||
| 650 | _aand | ||
| 690 | _aEconomic History | ||
| 700 | _aKUSHWALA | ||
| 906 | _a004788 | ||
| 999 |
_c128071 _d128071 |
||